00922nam a2200229Ia 4500008004100000020001800041040001800059041000800077100003300085245014800118260006400266300001800330490004200348600005900390650002400449650001600473650001700489650001700506700003300523710009800556765003800654130821s2008 ck gr spa  a9789587191394 aCo-BoUCMbspa00aspa1 aDescartes, Renéd1596-165010aMeditaciones acerca de la filosofía primera seguidas de las objeciones y respuestascRené Descartes ; traducción de Jorge Aurelio Díaz aBogotá (Colombia)bUniversidad Nacional de Colombiac2008 a628 páginas 0aBiblioteca Abierta.v362aFilosofía14aDescartes, Renéd1596-1650xPensamiento filosófico04aFilosofía moderna04aFilosofía04aMeditaciones04aMetafísica1 aDíaz, Jorge Aurelioetrad.1 aUniversidad Nacional de Colombia.bFacultad de Ciencias Humanas.bDepartamento de Filosofía1 tMeditationes de prima philosophia